| 000 | 00567cam a22002055a 4500 | ||
|---|---|---|---|
| 001 | 73819 | ||
| 005 | 20180228083820.0 | ||
| 008 | 960206s1996 ksu 000 0 eng | ||
| 010 | _a 95071714 | ||
| 020 | _a1878542311 (pbk.) | ||
| 040 |
_aDLC _cDLC |
||
| 041 | _aeng | ||
| 080 | _a370 JIM | ||
| 100 | 1 | _a25 | |
| 101 | _aEDU | ||
| 245 | 1 | 0 |
_aProductivity power : _cJim Temme. |
| 906 |
_a0 _bibc _corignew _d2 _eopcn _f19 _gy-gencatlg |
||
| 942 |
_2ddc _cBK |
||
| 999 |
_c43717 _d43717 |
||